Nepal: a new flashpoint? (Record no. 53721)

000 -LEADER
fixed length control field 00844pab a2200169 454500
008 - FIXED-LENGTH DATA ELEMENTS--GENERAL INFORMATION
fixed length control field 180718b2002 xxu||||| |||| 00| 0 eng d
100 ## - MAIN ENTRY--PERSONAL NAME
Personal name Banerjee, Sumanta
245 ## - TITLE STATEMENT
Title Nepal: a new flashpoint?
260 ## - PUBLICATION, DISTRIBUTION, ETC.
Date of publication, distribution, etc. 2002
300 ## - PHYSICAL DESCRIPTION
Extent p.3715-716.
362 ## - DATES OF PUBLICATION AND/OR SEQUENTIAL DESIGNATION
Dates of publication and/or sequential designation 7 Sep
520 ## - SUMMARY, ETC.
Summary, etc. It is not surprising that the Nepal government is eager to brand the Maoists as terrorists and tie its actions against them to the US-led anti-terrorist compaign and obtain arms and ammunition. The Maoists have become a threat to the monarch and the ruling interests, rallying as they have the hitherto dispossessed mainly from the depressed castes from far-flung rural areas against local feudal lords. - Reproduced.
650 ## - SUBJECT ADDED ENTRY--TOPICAL TERM
Topical term or geographic name entry element Nepal - Politics and government
650 ## - SUBJECT ADDED ENTRY--TOPICAL TERM
Topical term or geographic name entry element Politics and government
773 ## - HOST ITEM ENTRY
Main entry heading Economic and Political Weekly
909 ## -
-- 53721
Holdings
Withdrawn status Lost status Damaged status Not for loan Permanent Location Current Location Date acquired Serial Enumeration / chronology Barcode Date last seen Price effective from Koha item type
        Indian Institute of Public Administration Indian Institute of Public Administration 2018-07-19 Volume no: 37, Issue no: 36 AR54166 2018-07-19 2018-07-19 Articles

Powered by Koha